| 000 | 00000cas 2200000zi 4500 |
| 001 | 9.877359 |
| 003 | CaOODSP |
| 005 | 20260413152920 |
| 006 | m go d f |
| 007 | cr cn |||||||| |
| 008 | 190624c20189999qucar p o f0###b0eng|d |
| 022 | |a2562-6655 |
| 040 | |aCaOODSP|beng|erda|cCaOODSP |
| 043 | |an-cn--- |
| 086 | 1 |aTU1-17E-PDF |
| 222 | 0|aStatistical summary, air transportation occurrences in … |
| 245 | 00|aStatistical summary, air transportation occurrences in … |
| 264 | 1|aGatineau, QC : |bTransportation Safety Board of Canada = Bureau de la sécurité des transports du Canada, |c[2019]- |
| 310 | |aAnnual |
| 336 | |atext|2rdacontent |
| 337 | |acomputer|2rdamedia |
| 338 | |aonline resource|2rdacarrier |
| 362 | 1 |aBegan with 2018. |
| 500 | |aIssued also in French under title: Sommaire statistique, événements de transport aérien en ... |
| 692 | 07|2gccst|aAir transport |
| 692 | 07|2gccst|aAir safety |
| 710 | 2 |aTransportation Safety Board of Canada. |
| 775 | 08|tSommaire statistique, événements de transport aérien en … |w(CaOODSP)9.875412 |
| 780 | 00|tStatistical summary, air occurrences … |w(CaOODSP)9.878435 |
| 856 | 40|uhttp://www.bst-tsb.gc.ca/eng/stats/aviation/stats.html|qHTML|sN/A |